Gründungsmitglied der Fußball Bundesliga? #4 - Statistiken

Allgemein
  • Dieses Quiz wurde 80 mal gespielt
  • Das Durchschnittsergebnis liegt bei 7 aus 8
Antwortstatistiken
Hint Antwort % Korrekt
SV Sandhausen Nein
95%
1. FSV Mainz 05 Nein
91%
SC Freiburg Nein
91%
FC Augsburg 1907 Nein
91%
1. FC Nürnberg Ja
89%
VfB Stuttgart Ja
88%
Wuppertaler SV Nein
74%
Fortuna Düsseldorf 1895 Nein
60%
Keine übereinstimmenden Quizze gefunden
Verteilung der Resultate
Anzahl Personen mit jedem Resultat
Perzentil nach korrekt beantworteten Fragen
Ihre Resultats-Entwicklung
Sie haben dieses Quiz noch nicht gespielt